Az Európai Közösséggel aláírt társulási megállapodás és a magyar kibontakozás.
Maďarsko, Poľsko a ČSFR podpísali dohodu o pridružení k Európskemu spoločenstvu. Maďarsko v tomto kroku predpokladá spoločenské a ekonomické povznesenie Maďarska a jeho zaradenie do spoločenstva európskych štátov. Prispôsobenie sa k právnym a ekonomickým zásadám spoločenstva. Integrácia a jej výhody...
Guardado en:
| Autor principal: | |
|---|---|
| Formato: | Capítulo de libro |
| Lenguaje: | húngaro |
| Materias: | |
| Etiquetas: |
Sin Etiquetas, Sea el primero en etiquetar este registro!
|
MARC
| LEADER | 00000naa a2200000 4500 | ||
|---|---|---|---|
| 001 | r011122 | ||
| 005 | 20221125113618.4 | ||
| 041 | 0 | |a hun | |
| 044 | |a HU | ||
| 245 | 1 | 0 | |a Az Európai Közösséggel aláírt társulási megállapodás és a magyar kibontakozás. |c H.G. Izikné |
| 520 | |a Maďarsko, Poľsko a ČSFR podpísali dohodu o pridružení k Európskemu spoločenstvu. Maďarsko v tomto kroku predpokladá spoločenské a ekonomické povznesenie Maďarska a jeho zaradenie do spoločenstva európskych štátov. Prispôsobenie sa k právnym a ekonomickým zásadám spoločenstva. Integrácia a jej výhody pre postsocialistické štáty východnej a strednej Európy. Slobodný obchod, výroba, poľnohospodárstvo. Politické diskusie a ich vplyv na formovanie spoločnosti. | ||
| 610 | 2 | 0 | |a spolupráca hospodárska medzinárodná |
| 610 | 2 | 0 | |a integrácia ekonomická |
| 610 | 2 | 0 | |a Európske spoločenstvá |
| 610 | 2 | 0 | |a MR |
| 610 | 2 | 0 | |a PR |
| 610 | 2 | 0 | |a ČSFR |
| 610 | 2 | 0 | |a obchod voľný |
| 610 | 2 | 0 | |a poľnohospodárstvo |
| 610 | 2 | 0 | |a dohody asociačné |
| 100 | 1 | |a Izikné, H.G. | |